Vista normal
Vista MARC
Entrada Personal Name
Número de registros utilizados en: 3
001 - CONTROL NUMBER
- control field: 6516
003 - CONTROL NUMBER IDENTIFIER
- control field: OSt
005 - DATE AND TIME OF LATEST TRANSACTION
- control field: 20230915225843.0
008 - FIXED-LENGTH DATA ELEMENTS
- fixed length control field: 230915|| aca||aabn | a|a d
040 ## - CATALOGING SOURCE
- Original cataloging agency: OSt
- Transcribing agency: OSt
100 ## - HEADING--PERSONAL NAME
- Personal name: Gómez de la Escalera, Carlos Rafael
670 ## - SOURCE DATA FOUND
- Source citation: Work cat.: (OSt)19266: Gómez de la Escalera, Carlos Rafael, La responsabilidad civil de los promotores, constructores y tecnicos por los defectos de construcción : , 1994